| 000 | 00927cam a2200337 4500 | ||
|---|---|---|---|
| 008 | 090401t2000 xxu||||| |||| 00| 0 eng d | ||
| 020 | _a0874208254 | ||
| 035 | _a(Sirsi) u51226 | ||
| 041 | _aeng | ||
| 050 | _a333.330973 | ||
| 100 | _aMiles, Mike E. | ||
| 245 | _aReal estate development : principles and process | ||
| 250 | _a3rd ed. | ||
| 260 |
_aWashington _bUrban Land Institute _c2000 |
||
| 300 |
_axvi,578p. _bill. _c26cm. |
||
| 350 | _a55.95 | ||
| 520 | _aAmerican text book | ||
| 650 | _aPROPERTY-COMMERCIAL PROPERTY | ||
| 650 | _aPROPERTY DEVELOPMENT | ||
| 650 | _aPROPERTY FINANCE | ||
| 650 | _aPROPERTY INVESTMENT | ||
| 650 |
_aProperty management _96262 |
||
| 650 |
_aRESIDENTIAL PROPERTY _96266 |
||
| 650 | _aUNITED STATES | ||
| 690 | _aPROPERTY | ||
| 700 | _aBerens, Gayle | ||
| 700 | _aHaney, Richard L. | ||
| 710 |
_aUrban Land Institute _93094 |
||
| 942 | _n0 | ||
| 948 | _c04/03/1997 | ||
| 999 |
_c92841 _d92841 |
||